Loading...
| Fine Arts - Classical Music | 5 | 10.00 | 100% | 0% | 0% |
| Fine Arts - Other Fine Arts | 4 | 10.00 | 50% | 50% | 0% |
| Fine Arts - Painting & Sculpture | 8 | 8.75 | 75% | 0% | 13% |
| History - American History | 4 | 7.50 | 50% | 25% | 0% |
| History - European History | 7 | 10.00 | 71% | 29% | 0% |
| History - Other History | 6 | 13.33 | 83% | 50% | 0% |
| History - World History | 6 | 8.33 | 50% | 33% | 0% |
| Literature - American Literature | 4 | 10.00 | 100% | 0% | 0% |
| Literature - British Literature | 8 | 12.50 | 100% | 25% | 0% |
| Literature - European Literature | 8 | 10.00 | 88% | 13% | 0% |
| Literature - World Literature | 6 | 10.00 | 83% | 17% | 0% |
| Mythology | 7 | 8.57 | 86% | 0% | 0% |
| Other | 4 | 12.50 | 100% | 25% | 0% |
| Philosophy | 4 | 10.00 | 100% | 0% | 0% |
| Religion | 5 | 8.00 | 60% | 0% | 20% |
| Science - Biology | 5 | 8.00 | 80% | 0% | 0% |
| Science - Chemistry | 2 | 10.00 | 50% | 50% | 0% |
| Science - Other Science | 8 | 7.50 | 75% | 0% | 0% |
| Science - Physics | 1 | 10.00 | 100% | 0% | 0% |
| Social Science | 6 | 15.00 | 100% | 33% | 17% |